00555cam a22002171 4500001001300000003000400013005001700017008004100034010001700075025002000092035002000112040001800132042001200150050002300162100003500185245001700220250001300237260005200250300001800302999001700320sa 65003835 DLC20260227112126.0860130s1961 io 000 0 ind  asa 65003835  aPL480:Indo-1466 a(OCoLC)13084731 aDLCcKyUdDLC apremarc00aPL5089.D4bS6 19611 aDewantara, Hadjar,d1889-1959.10aSoal wanita. aTjet. 2. aJogjakarta,bMadjelis Luhur Taman Siswa,c1961. a20 p.c22 cm. c63389d63389